Μαθήματα Μετεωρολογίας και Κλιματολογίας / Β' 'Εκδοση (Record no. 2830)
[ view plain ]
| 000 -LEADER | |
|---|---|
| fixed length control field | 01411cam a22002054a 4500 |
| 005 - ΗΜΕΡΟΜΗΝΙΑ ΚΑΙ ΩΡΑ ΤΕΛΕΥΤΑΙΑΣ ΕΝΗΜΕΡΩΣΗΣ | |
| Πεδίο ελέγχου | 20250605164054.0 |
| 008 - FIXED-LENGTH DATA ELEMENTS--GENERAL INFORMATION | |
| Πεδίο ελέγχου σταθερού μήκους | 250528s ||||||||||||||||||||||||d |
| 035 ## - SYSTEM CONTROL NUMBER | |
| System control number | 17409 |
| 020 ## - ISBN | |
| ISBN | 960431288 |
| 040 ## - ΠΗΓΗ ΚΑΤΑΛΟΓΟΓΡΑΦΗΣΗΣ | |
| Φορέας πρωτότυπης καταλογογράφησης | MC Athens Campus Library |
| Γλώσσα καταλογογράφησης | Ελληνικά, Μοντέρνα (1453-) |
| Modifying agency | MC Athens Campus Library |
| Κανόνες περιγραφικής καταλογογράφησης | AACR2 |
| 245 1# - ΤΙΤΛΟΣ ΚΑΙ ΔΗΛΩΣΗ ΥΠΕΥΘΥΝΟΤΗΤΑΣ | |
| Τίτλος | Μαθήματα Μετεωρολογίας και Κλιματολογίας / Β' 'Εκδοση |
| 250 ## - EDITION STATEMENT | |
| Edition statement | 2η |
| 260 ## - PUBLICATION, DISTRIBUTION, ETC. | |
| Name of publisher, distributor, etc. | Ζήτη, |
| Date of publication, distribution, etc. | 1992 |
| 300 ## - PHYSICAL DESCRIPTION | |
| Extent | 468 |
| 520 ## - SUMMARY, ETC. | |
| Summary, etc. | Εισαγωγή, Ατμόσφαιρα, Η Ακτινοβολία στην Ατμόσφαιρα, Θερμοκρασία του Αέρα, Θερμοκρασία Εδάφους, Θερμοκρασία των Υδάτων και των Ωκεανών και Θαλασσών, Ατμοσφαιρική Πίεση, Άνεμοσ, Το Νερό στην Ατμόσφαιρα, Ατμοσφαιρικές Διαταράξεις, Κατάταξη και Περιγραφή των Κλιμάτων της Γης, Το Κλιματικό Πλαίσιο της Ελληνικής Περιοχής, Μετεωρολογικά Όργανα και Μέθοδοι Προσδιορισμού και Αναγωγής Διάφορων Μετεωρολογικών Παρατηρήσεων, Λυμένες Ασκήσεις Μετρεωρολογίας, Βιβλιογραφία. |
| 700 1# - ΠΡΟΣΘΕΤΗ ΑΝΑΓΡΑΦΗ--ΦΥΣΙΚΟ ΠΡΟΣΩΠΟ | |
| Personal name | Φλοκάς Απόστολος |
| 9 (RLIN) | 3565 |
| 942 ## - ADDED ENTRY ELEMENTS (KOHA) | |
| Koha item type | Books |
| Τύπος τεκμηρίου | Βιβλιοθήκη | Τρέχουσα τοποθεσία | Barcode | Αριθμός εισαγωγής | Ημερομηνία απόκτησης | Ταξιθετικό σύμβολο | Αριθμός αντιτύπου | Κατάσταση απόσυρσης | Κατάσταση χαμένου | Κατάσταση κατεστραμμένου | Μη δανεισμός | Σύνολο δανεισμών | Ημερομηνία τελευταίας εμφάνισης | Η τιμή ισχύει από |
|---|---|---|---|---|---|---|---|---|---|---|---|---|---|---|
| Books | MC Athens Campus Library | MC Athens Campus Library | 9780000028297 | 5644 | 05/06/2025 | 551.507 FLO | 1 | 05/06/2025 | 05/06/2025 |